Responses for show #5034 - Thursday, June 29, 2006

Contestants

[<< previous game]

Jennifer Casey, a high school drama teacher originally from Sonoma, California

John Hooper, an archaeologist from Tempe, Arizona

Sidney Tison, a veterinarian from Suwanee, Georgia (whose 1-day cash winnings total $13,400)

[next game >>]

Jeopardy! Round responses

A DAY IN JUNE
FICTIONAL MEN OF WAR
STAGE ACTING
FAUX FRAGRANCES
RHYME GIVER
(Alex: Each correct response will rhyme with the word "giver".)
IT'S IN THE BIBLE
    $200 21
Reagan

Jennifer
    $200 7
Rambo

Jennifer
    $200 6
project

John
    $200 16
(Sidney: What are the armpits?)
(John: What is sweat?)

Perspiration

SidneyJohn
Triple Stumper
    $200 1
deliver

Jennifer
    $200 30
the Acts

Sidney
    $1,000 22
(Jennifer: [Sighs] What is The Adventures of Huckleberry Finn?)

Uncle Tom's Cabin

Jennifer
    $400 12
Gladiator

Jennifer
    $400 8
blocking

Jennifer
    $400 17
Hooker

Jennifer
    $400 2
shiver

John
    $400 29
Moses

Sidney
    $600 23
Anne Boleyn

John
    $600 13
(John: Who is Beetle Bailey?)
(Jennifer: Who is Gloomy Gus?)

Sad Sack

SidneyJohnJennifer
    $600 9
sides

Jennifer
    $600 18
Pestilence

Jennifer
    $600 3
liver

John
    $600 28
a virgin

Jennifer
    $800 24
(Alex: Who is the English explorer around that time, [*].)

Sir Francis Drake

Triple Stumper
    $800 14
Apocalypse Now

Sidney
    $800 10
stage right

Jennifer
    $800 19
(Alex: ...great perfume.)

Nausea

John
    $800 4
river

Jennifer
    $800 27
(Sidney: What is the wolf?)

the lion

Sidney
Triple Stumper
    $1000 25
(Alex: Less than ha... less than a minute to go now.)

the Stonewall Inn

Triple Stumper
    $1000 15
Frank Burns

Jennifer
    $1000 11
(Alex: And by the way, Cheryl gets to keep that sofa chair that she used in those clues.)

Stanislavski

Sidney
    $1000 20
3.1416

Jennifer
    $1000 5
(Alex: For her arrows, she holds a [*].)

quiver

Triple Stumper
    $1000 26
(Alex: And their father was King [*].)

David

Triple Stumper

Scores at the first commercial break (after clue 15):

Sidney John Jennifer
$2,400 $600 $3,800

Scores at the end of the Jeopardy! Round:

Sidney John Jennifer
$2,000 $1,800 $5,600

Double Jeopardy! Round responses

LITERARY STYLES
SITCOMS BY EPISODE
THE SCIENCE BLUES
MUSICAL INSTRUMENTS
YO, ADRIATIC
"ITE"S NOT IN THE BIBLE
    $400 21
Gothic

Sidney
    $400 16
Friends

John
    $400 11
colorblindness

Sidney
    $400 26
(John: What is a lute?)

a lyre

JohnJennifer
    $400 6
Italy

Jennifer
    $400 1
meteorites

Sidney
    $800 22
Drang

Jennifer
    $800 17
Frasier

John
    $800 12
base

Sidney
    $600 27
(Jennifer: What is the accordion?)

the bagpipes

Jennifer
    $800 7
Venice

Sidney
    $800 2
sulfites

Sidney
    $1200 23
ars gratia artis (art for art's sake)

Sidney
    $1200 18
Welcome Back, Kotter

Sidney
    $1200 13
a blue galaxy

Triple Stumper
    $1200 28
(Sidney: What is the saxophone?)

the clarinet

SidneyJennifer
    $1200 8
(John: What is the olive?)

figs

John
Triple Stumper
    $1200 3
graphite

Jennifer
    $1600 24
symbolism

Jennifer
    $1600 19
The Drew Carey Show

John
    $1600 14
gram-positive

Sidney
    $1600 29
(John: What is the alpenhorn?)

the fife

John
Triple Stumper
    $1600 9
Croatia

John
    $1,000 4
(Jennifer: What is... I don't know?)

an overbite

Jennifer
    $2000 25
metaphysical

Triple Stumper
    $2000 20
Seinfeld

Jennifer
    $2000 15
molybdenum

Sidney
    $2000 30
the flugelhorn

Triple Stumper
    $2000 10
the Po

John
    $2000 5
Samsonite

John

Scores at the end of the Double Jeopardy! Round:

Sidney John Jennifer
$10,400 $7,000 $11,600

[wagering suggestions for these scores]

Final Jeopardy! Round responses

COLLEGES & UNIVERSITIES
(Alex: Ira Allen was the brother of Ethan Allen. [*]. The Green Mountain Boys.)
JohnWhat is Tulane?
$6,999
SidneyWhat is Marquette U VA
$9,400
JenniferWhat is Tulane?
$5,000
the University of Vermont

Final scores:

Sidney John Jennifer
$1,000 $1 $6,600
2nd place: $2,000 3rd place: $1,000 New champion: $6,600

Game dynamics:

Coryat scores:

Sidney John Jennifer
$10,400 $7,000 $14,200
15 R,
3 W
11 R,
5 W
20 R,
4 W
(including 3 DDs)

Combined Coryat: $31,600

The J! Archive is created by fans, for fans. The Jeopardy! game show and all elements thereof, including but not limited to copyright and trademark thereto, are the property of Jeopardy Productions, Inc. and are protected under law. This website is not affiliated with, sponsored by, or operated by Jeopardy Productions, Inc. Join the discussion at JBoard.tv.